Quá trình phát triển kinh tế Việt Nam
में बचाया:
| मुख्य लेखक: | |
|---|---|
| स्वरूप: | पुस्तक |
| भाषा: | Undetermined |
| प्रकाशित: |
Hà Nội
Khoa học Xã hội
2006
|
| विषय: | |
| टैग : |
टैग जोड़ें
कोई टैग नहीं, इस रिकॉर्ड को टैग करने वाले पहले व्यक्ति बनें!
|
| Thư viện lưu trữ: | Trung tâm Học liệu Trường Đại học Cần Thơ |
|---|
| LEADER | 00617nam a2200205Ia 4500 | ||
|---|---|---|---|
| 001 | CTU_112875 | ||
| 008 | 210402s9999 xx 000 0 und d | ||
| 020 | |c 25000 | ||
| 082 | |a 330.9597 | ||
| 082 | |b Ngh307 | ||
| 100 | |a Lê, Thanh Nghiệp | ||
| 245 | 0 | |a Quá trình phát triển kinh tế Việt Nam | |
| 245 | 0 | |c Lê Thanh Nghiệp | |
| 260 | |a Hà Nội | ||
| 260 | |b Khoa học Xã hội | ||
| 260 | |c 2006 | ||
| 650 | |a Vietnam; strategic planning | ||
| 650 | |x Developing countries,Economic aspects | ||
| 904 | |i Hiếu | ||
| 980 | |a Trung tâm Học liệu Trường Đại học Cần Thơ | ||